000 004630000a22001210004500
090 _aAR
_b04508
100 1 _aKattán, Gustavo H.
_94374
700 1 _aMurcía, Carolina
_94211
245 1 0 _aCompartamiento de forrajeo del playero aliblanco (Catoptrophorus semipalmatus) en relación con el contexto social y con la presencia de huevos de Limulus
041 0 _aEspañol
942 _cARTICULO
773 1 _tMemorias III congreso Ornitología neotropical
_q101-103
_d1987
999 _c13607
_d13607